Electronic document management (Record no. 110361)

MARC details
000 -LEADER
fixed length control field 01461cam a22003015a 4500
001 - CONTROL NUMBER
control field E149070
008 - FIXED-LENGTH DATA ELEMENTS--GENERAL INFORMATION
fixed length control field 100106s2009 xxk f 000 0 eng d
020 ## - INTERNATIONAL STANDARD BOOK NUMBER
International Standard Book Number 9781842195628
035 ## - SYSTEM CONTROL NUMBER
System control number (Sirsi) u149070
041 0# - LANGUAGE CODE
Language code of text/sound track or separate title eng
050 04 - LIBRARY OF CONGRESS CALL NUMBER
Classification number 025.4 $2 18
110 2# - MAIN ENTRY--CORPORATE NAME
Corporate name or jurisdiction name as entry element Royal Institution of Chartered Surveyors
9 (RLIN) 4900
245 00 - TITLE STATEMENT
Title Electronic document management
Remainder of title RICS guidance note
Medium [electronic resource]
260 ## - PUBLICATION, DISTRIBUTION, ETC.
Place of publication, distribution, etc. Coventry
Name of publisher, distributor, etc. RICS
Date of publication, distribution, etc. 2009
300 ## - PHYSICAL DESCRIPTION
Extent iv, 30p.
Dimensions 30cm.
490 #0 - SERIES STATEMENT
Series statement RICS Guidance Note
490 #0 - SERIES STATEMENT
Series statement RICS Black Book
505 2# - FORMATTED CONTENTS NOTE
Formatted contents note Typical electronic document lifecycle -- What are the problems associated with managing documents electronically? -- Features of EDM systems which can address these problems -- Items for consideration in using a basic EDMS comprising standard network shared folders -- Further information -- Appendices
520 ## - SUMMARY, ETC.
Summary, etc. Aims to increase the understanding of what an Electronic Document Management (EDM) system can offer, and provides tools for assisting in the selection of an appropriate EDM system to suit any size of business.
521 ## - TARGET AUDIENCE NOTE
Target audience note Advanced
590 ## - LOCAL NOTE (RLIN)
Local note KA
650 24 - SUBJECT ADDED ENTRY--TOPICAL TERM
Topical term or geographic name entry element RICS BLACK BOOK
650 24 - SUBJECT ADDED ENTRY--TOPICAL TERM
Topical term or geographic name entry element RICS QS AND CONSTRUCTION STANDARDS
651 #4 - SUBJECT ADDED ENTRY--GEOGRAPHIC NAME
Geographic name United Kingdom
690 ## - LOCAL SUBJECT ADDED ENTRY--TOPICAL TERM (OCLC, RLIN)
Topical term or geographic name as entry element MANAGEMENT-BUSINESS MANAGEMENT-INFORMATION MANAGEMENT
856 41 - ELECTRONIC LOCATION AND ACCESS
Uniform Resource Identifier <a href="https://www.rics.org/uk/products/knowledge-and-information-services/">https://www.rics.org/uk/products/knowledge-and-information-services/</a>
Public note item under review please email [email protected]
942 ## - ADDED ENTRY ELEMENTS (KOHA)
Suppress in OPAC 0
Source of classification or shelving scheme Dewey Decimal Classification
Holdings
Withdrawn status Lost status Source of classification or shelving scheme Damaged status Not for loan Home library Current library Shelving location Date acquired Total Checkouts Full call number Barcode Date last seen Copy number Price effective from Koha item type
    Dewey Decimal Classification     London London RICS Boxes 22/10/2010   RICS 2009/48 30079684 06/08/2019 1 06/08/2019 Book
    Dewey Decimal Classification     London London RICS Boxes 22/10/2010   RICS 2009/48 30079688 06/08/2019 3 06/08/2019 Book
    Dewey Decimal Classification     London London RICS Boxes 06/06/2011   RICS 2009/48 30079680 06/08/2019 1 06/08/2019 Archive
    Dewey Decimal Classification     Virtual Virtual Online 02/08/2017   ONLINE PUBLICATION 149070-4001 06/08/2019 1 06/08/2019 Book